Normal view
MARC view
- PERSONAL COMPUTER ECNCYCLOPEDIA COMPUTER FAMILY ENCYCLOPEDIA
Entry Topical Term
001 - CONTROL NUMBER
- control field: 77591
003 - CONTROL NUMBER IDENTIFIER
- control field: NUST
005 - DATE AND TIME OF LATEST TRANSACTION
- control field: 20210628205938.0
008 - FIXED-LENGTH DATA ELEMENTS
- fixed length control field: 210628|| aca||aabn | a|a d
040 ## - CATALOGING SOURCE
- Original cataloging agency: NUST
- Transcribing agency: NUST
150 ## - HEADING--TOPICAL TERM
- Topical term or geographic name entry element: PERSONAL COMPUTER ECNCYCLOPEDIA COMPUTER FAMILY ENCYCLOPEDIA
670 ## - SOURCE DATA FOUND
- Source citation: Work cat.: (NUST): Lock, Robert.C 77590, The whole pc family encyclopedia the definite resource for family computing, 1995
